Η αντιμετώπιση φυσικών καταστροφών στο διεθνές δίκαιο : σύγχρονες διαστάσεις της ανθρώπινης βοήθειας

Saved in:
Bibliographic Details
Main Author: Φανάκη, Αγγελική
Other Authors: Παζαρτζή, Φωτεινή (Author of introduction, etc.)
Format: Book
Language:Greek
Published: Αθήνα : Νομική Βιβλιοθήκη, 2020.
Series:Σειρά Δημοσίου Διεθνούς Δικαίου (Νομική Βιβλιοθήκη)
Subjects:
Tags: Add Tag
No Tags, Be the first to tag this record!

MARC

LEADER 00000nam a2200000 a 4500
001 1/126619
008 230518s2020####gr | ||| |||| ||gre||
020 |a 9789606542329 
040 |a GR-MyUa  |b gre  |c GR-MyUa  |e AACR2 
041 0 |a gre 
082 7 |a 344.0534   |2 (23)  
100 1 |a Φανάκη, Αγγελική. 
245 1 2 |a Η αντιμετώπιση φυσικών καταστροφών στο διεθνές δίκαιο :   |b σύγχρονες διαστάσεις της ανθρώπινης βοήθειας /   |c Αγγελική Φανάκη ; πρόλογος: Φωτεινή Παζαρτζή.  
260 |a Αθήνα :   |b Νομική Βιβλιοθήκη,   |c 2020.  
300 |a 228 σ. ;  
490 1 |a (Σειρά Δημοσίου Διεθνούς Δικαίου (Νομική Βιβλιοθήκη))  
504 |a Περιέχει βιβλιογραφικές παραπομπές.  
650 0 |a Natural disasters  |x Law and legislation. 
650 0 |a Natural disasters. 
700 1 |a Παζαρτζή, Φωτεινή,  |e aui 
830 0 |a Σειρά Δημοσίου Διεθνούς Δικαίου (Νομική Βιβλιοθήκη) 
970 |a Σιδερή   |b Νεκταρία   |z 2023-05-18